000 00647nam a2200229 i 4500
003 DO-SdBNP
005 20240520113102.0
006 a||||gr|||| 00| 0
007 ta
008 240520e1974 sp ||||| |||| 00| 0 spa d
040 _aDO-SdBNP
_bspa
_cBNPHU
_erda
082 4 _222
_bS678d
245 0 0 _aSociedad dominicana de Bibliófilos, inc.
264 1 _aBarcelona, España :
_bManuel Pareja,
_c1974
300 _a9 págias ;
_c20 cm.
336 _2rdacontent
_atexto
_btxt
337 _2rdamedia
_asin mediación
_bn
338 _2rdacarrier
_avolumen
_bnc
490 _aCultura Dominicana
590 _aInventariado 2024 / MF
942 _2ddc
_cLF2
999 _c56701
_d56701